The long view and the short : Studies in economic theory and policy

সংরক্ষণ করুন:
গ্রন্থ-পঞ্জীর বিবরন
প্রধান লেখক: Viner, Jacob
বিন্যাস: গ্রন্থ
ভাষা:Undetermined
প্রকাশিত: Glencoe The Free 1958
বিষয়গুলি:
ট্যাগগুলো: ট্যাগ যুক্ত করুন
কোনো ট্যাগ নেই, প্রথমজন হিসাবে ট্যাগ করুন!
Thư viện lưu trữ: Trung tâm Học liệu Trường Đại học Cần Thơ
LEADER 00480nam a2200181Ia 4500
001 CTU_78696
008 210402s9999 xx 000 0 und d
082 |a 330.4 
082 |b V766 
100 |a Viner, Jacob 
245 4 |a The long view and the short : 
245 0 |b Studies in economic theory and policy 
245 0 |c Jacob Viner 
260 |a Glencoe 
260 |b The Free 
260 |c 1958 
650 |a Economics 
980 |a Trung tâm Học liệu Trường Đại học Cần Thơ